Statistiques concernant Cinema de A à Z

Cliquez ici pour prendre le quiz!

Statistiques générales

  • Ce quiz a été pris 3 890 fois
  • Le résultat moyen est 18 sur 26

Statistiques - réponses

LetttreDescriptionRéponse% Correct
AFilm réunissant différents Super-Héros de l'univers MarvelAvengers
96%
EUn petit garçon se lie d'amitié avec un extra-terrestreE.T. l'extra-terrestre
96%
HSérie de films retraçant l'histoire d'un jeune sorcierHarry Potter
96%
FUn homme "simple d'esprit" qui ne s'arrête pas de courirForrest Gump
94%
JCela aura-t-il été une si bonne idée de réveiller les dinosaures?Jurassic Park
93%
IFilm de Nolan, dans lequel se mêlent rêves et réalitéInception
86%
RUn certain boxeur italo-américain devenu champion du mondeRocky
86%
TUn ours en peluche devient vivantTed
84%
GMonstre sous-marin ayant été réveillé par des essais nucléairesGodzilla
73%
PJack Sparrow part à la reconquête du Black PearlPirate des Caraïbes
72%
SSérie de films d'horreur où les victimes sont piégées dans différents jeux mortelsSaw
72%
ZFilm d'animation dans lequel une lapine enquête sur la disparition d'une loutreZootopie
72%
OHubert Bonisseur de la Bath est un espion des services secrets français.OSS 117
70%
NSami un jeune de banlieue emménage dans une ville chic proche de ParisNeuilly sa mère
68%
VUn enterrement de vie de garçon tourne malVery Bad Trip
68%
XDes mutants sont regroupés dans une école spécialiséeX-men
68%
YUn homme se met à dire "Oui" à toutYes Man
68%
LDeux laveurs de carreaux se retrouvent confrontés à une prise d'otageLa tour Montparnasse infernale
61%
KUne mariée qui a soif de vengeanceKill Bill
58%
BFilm français numéro 1 au box-office en 2008Bienvenue chez les Ch"tis
57%
DSaga dont le premier film s'intitule : Piège de CristalDie Hard
57%
UFilm d'animation pour lequel les chanteurs M et Vanessa Paradis y ont prêtés leurs voixUn monstre à Paris
57%
WFilm de zombies mettant en scène Brad PittWorld War Z
55%
MFilm de Tim Burton dans lequel des extra-terrestres d'attaquent à la TerreMars Attacks
52%
QFilm de James Bond sorti en 2008Quantum of Solace
36%
CC'est l'histoire de 3 amis prêts à tout pour ne plus avoir affaire à leurs patronsComment tuer son boss
22%

Distribution des résultats

Percentile par nombre de réponses

% des personnes avec chaque résultat

Votre développement - résultats

Vous n’avez pas pris ce quiz